Statistics for Most Purchased Songs on iTunes

Click here to take the quiz!

General Stats

  • This quiz has been taken 616 times
  • The average score is 12 of 25

Answer Stats

Artist Song % Correct
Lady GagaPoker Face
77%
Ke$haTik Tok
66%
Owl CityFireflies
65%
Jason MrazI'm Yours
61%
Black Eyed PeasI Gotta Feeling
60%
ColdplayViva la Vida
59%
Leona LewisBleeding Love
56%
JourneyDon't Stop Believin
56%
Katy PerryI Kissed a Girl
55%
BeyoncéSingle Ladies
54%
Lady Gaga & Colby O'DonisJust Dance
49%
Lady GagaBad Romance
49%
Black Eyed PeasBoom Boom Pow
49%
Flo RidaLow
48%
Plain White T'sHey There Delilah
47%
The FrayHow to Save a Life
46%
Taylor SwiftLove Story
44%
Miley CyrusParty In the U.S.A.
43%
P!nkSo What
39%
Kings of LeonUse Somebody
36%
Kanye WestStronger
32%
(feat. Rihanna) by T.I.Live Your Life
30%
Katy PerryHot N Cold
28%
Flo RidaRight Round
25%
RihannaDisturbia
16%

Score Distribution

Percentile by Number Answered

Percent of People with Each Score

Your Score History

You have not taken this quiz